| 000 | 01003nam a2200253Ia 4500 | ||
|---|---|---|---|
| 003 | OSt | ||
| 005 | 20220916111124.0 | ||
| 006 | a|||||r|||| 00| 0 | ||
| 007 | ta | ||
| 008 | Pun | ||
| 024 | _a275656 | ||
| 037 | _b541, 02/12/2011, H.K. Prakashan | ||
| 037 | _cTextbook | ||
| 040 |
_bPun _aARTS _cARTS |
||
| 041 | _aPun | ||
| 082 | _aO153,1K33:g, Q0 | ||
| 100 | _aਸਿੰਘ, ਅਮਰਜੀਤ, ਅਮਰ, ਥਦ। | ||
| 245 | 0 | _aਭਾਈ ਨੰਦ ਲਾਲ ਗੋਯਾ : ਜੀਵਨ, ਰਚਨਾ ਤੇ ਕਾਵਿ ਉਸਤਤ | |
| 260 |
_aਨਵੀ੍ਵ _bਦਿੱਲੀ ਭਾਈ ਨੰਦ ਲਾਲ ਚੈਰੀਟੇਬਲ ਟਰੱਸਟ ਭਾਰਤ _c2010 |
||
| 300 |
_a114ਪੰ _ccm. |
||
| 650 | _aਪੰਜਾਬੀ ਸਾਹਿਤ; ਪੰਜਾਬੀ ਕਾਵਿ; ਨੰਦ ਨਾਲ ਗੋਯਾ | ||
| 942 |
_hO153,1K33:g, Q0 _cTB _2CC |
||
| 999 |
_c106015 _d106015 |
||